MARC details
| 000 -CABECERA |
| campo de control de longitud fija |
01095cam a22003017a 4500 |
| 001 - NÚMERO DE CONTROL |
| campo de control |
000011549 |
| 005 - FECHA Y HORA DE LA ÚLTIMA TRANSACCIÓN |
| campo de control |
20200929162503.0 |
| 008 - DATOS DE LONGITUD FIJA--INFORMACIÓN GENERAL |
| campo de control de longitud fija |
010117s2000 ve ab b 001 0 spa d |
| 010 ## - NÚMERO DE CONTROL DE LA BIBLIOTECA DEL CONGRESO |
| Número de control de LC |
2001397241 |
| 020 ## - NÚMERO INTERNACIONAL ESTÁNDAR DEL LIBRO |
| Número Internacional Estándar del Libro |
9803790048 |
| 035 ## - NÚMERO DE CONTROL DEL SISTEMA |
| Número de control de sistema |
(DLC)12446978 |
| 040 ## - FUENTE DE LA CATALOGACIÓN |
| Centro catalogador/agencia de origen |
DO-SdBNP |
| Centro/agencia transcriptor |
OU |
| Centro/agencia modificador |
CStRLIN |
| -- |
DLC |
| 042 ## - CÓDIGO DE AUTENTICACIÓN |
| Código de autenticación |
lccopycat |
| 043 ## - CÓDIGO DE ÁREA GEOGRÁFICA |
| Código de área geográfica |
s-ve--- |
| 050 00 - SIGNATURA TOPOGRÁFICA DE LA BIBLIOTECA DEL CONGRESO |
| Número de clasificación |
SB191.M2 |
| Número de documento/Ítem |
M32445 2000 |
| 082 00 - NÚMERO DE LA CLASIFICACIÓN DECIMAL DEWEY |
| Número de clasificación |
633.1/5/0987 |
| Número de edición |
21 |
| 245 03 - MENCIÓN DE TÍTULO |
| Título |
El maiz en Venezuela / |
| Mención de responsabilidad, etc. |
compiladores Humberto Fontana Nieves, Carlos Gonzalez Narvaez. |
| 260 ## - PUBLICACIÓN, DISTRIBUCIÓN, ETC. |
| Lugar de publicación, distribución, etc. |
[Caracas?] : |
| Nombre del editor, distribuidor, etc. |
Fundacion para la Investigacion Agricola DANAC: |
| -- |
Fundacion Polar, |
| Fecha de publicación, distribución, etc. |
2000. |
| 300 ## - DESCRIPCIÓN FÍSICA |
| Extensión |
530 p. : |
| Otras características físicas |
ill. (some col.), col. maps ; |
| Dimensiones |
29 cm. |
| 504 ## - NOTA DE BIBLIOGRAFÍA, ETC. |
| Nota de bibliografía, etc. |
Includes bibliographical references (p. 508-525) and index. |
| 650 #0 - PUNTO DE ACCESO ADICIONAL DE MATERIA--TÉRMINO DE MATERIA |
| Término de materia o nombre geográfico como elemento de entrada |
Corn |
| Subdivisión geográfica |
Venezuela. |
| 9 (RLIN) |
27322 |
| 650 #0 - PUNTO DE ACCESO ADICIONAL DE MATERIA--TÉRMINO DE MATERIA |
| Término de materia o nombre geográfico como elemento de entrada |
Corn |
| Subdivisión general |
Biotechnology |
| Subdivisión geográfica |
Venezuela. |
| 9 (RLIN) |
27323 |
| 650 #0 - PUNTO DE ACCESO ADICIONAL DE MATERIA--TÉRMINO DE MATERIA |
| Término de materia o nombre geográfico como elemento de entrada |
Corn |
| Subdivisión general |
Diseases and pests |
| Subdivisión geográfica |
Venezuela. |
| 9 (RLIN) |
27324 |
| 650 #0 - PUNTO DE ACCESO ADICIONAL DE MATERIA--TÉRMINO DE MATERIA |
| Término de materia o nombre geográfico como elemento de entrada |
Agronomy |
| Subdivisión geográfica |
Venezuela. |
| 9 (RLIN) |
27325 |
| 700 1# - PUNTO DE ACCESO ADICIONAL--NOMBRE DE PERSONA |
| Nombre de persona |
Fontana Nieves, Humberto. |
| 9 (RLIN) |
27326 |
| 700 1# - PUNTO DE ACCESO ADICIONAL--NOMBRE DE PERSONA |
| Nombre de persona |
Gonzalez Narvaez, Carlos. |
| 9 (RLIN) |
27327 |
| 910 ## - DATOS DE OPCIÓN DEL USUARIO (OCLC) |
| Datos de opción del usuario |
Catalogación por copia / LC |